[Event "San Francisco TNM Spring op"]
[Site "San Francisco"]
[Date "2006.05.02"]
[Round "6"]
[White "Barrera, Jorge"]
[Black "Samatra, Mario"]
[Result "1/2-1/2"]
[WhiteElo "1409"]
[BlackElo "1914"]
[PlyCount "73"]
[EventDate "2006.03.28"]
[EventType "swiss"]
[EventRounds "8"]
[EventCountry "USA"]
[SourceTitle "EXT 2007"]
[Source "ChessBase"]
[SourceDate "2006.11.23"]
[SourceVersion "1"]
[SourceVersionDate "2006.11.23"]
[SourceQuality "1"]

1. e4 c5 2. Nf3 Nc6 3. d4 cxd4 4. Nxd4 g6 5. c3 Bg7 6. Bc4 Nf6 7. Nxc6 bxc6 8. e5 Ng8 9. f4 d5 10. Bd3 Nh6 11. h3 Bf5 12. g4 Bxd3 13. Qxd3 e6 14. Be3 0-0 15. Nd2 Qc7 16. Nf3 c5 17. 0-0 a5 18. a4 Rfb8 19. Rfb1 Rb3 20. Nd2 Rb7 21. b3 Rab8 22. Rb2 c4 23. Qc2 Bf8 24. Rab1 Bc5 25. Kf2 Bxe3+ 26. Kxe3 Qc5+ 27. Ke2 Kg7 28. Nf3 cxb3 29. Qd3 Qc4 30. Nd4 Qxa4 31. Kd2 Qc4 32. Qg3 a4 33. Qh4 a3 34. Rxb3 Rxb3 35. Rxb3 Rxb3 36. Qf6+ Kf8 37. Qd8+ 1/2-1/2

[Event "San Francisco TNM Spring op"]
[Site "San Francisco"]
[Date "2006.04.25"]
[Round "5"]
[White "Standen, Julian"]
[Black "Barrera, Jorge"]
[Result "0-1"]
[WhiteElo "1707"]
[BlackElo "1409"]
[PlyCount "78"]
[EventDate "2006.03.28"]
[EventType "swiss"]
[EventRounds "8"]
[EventCountry "USA"]
[SourceTitle "EXT 2007"]
[Source "ChessBase"]
[SourceDate "2006.11.23"]
[SourceVersion "1"]
[SourceVersionDate "2006.11.23"]
[SourceQuality "1"]

1. d4 Nf6 2. Nf3 e6 3. Bg5 Be7 4. Nbd2 d5 5. e3 0-0 6. Bd3 c5 7. c3 c4 8. Bc2 a5 9. 0-0 Nc6 10. Ne5 Qc7 11. f4 b5 12. Rf3 g6 13. h4 h5 14. g3 Nxe5 15. fxe5 Ng4 16. Bxe7 Qxe7 17. Qe2 f5 18. exf6 Rxf6 19. Raf1 Kg7 20. Rxf6 Nxf6 21. Nf3 Ne4 22. Bxe4 dxe4 23. Ng5 Bb7 24. Rf7+ Qxf7 25. Nxf7 Kxf7 26. Qf2+ Kg7 27. Qf4 Bd5 28. Qe5+ Kh7 29. Qf6 Ra7 30. Kh2 a4 31. a3 Rb7 32. Kh3 Bc6 33. g4 Be8 34. gxh5 gxh5 35. Qxe6 Bd7 36. Qxd7+ Rxd7 37. Kg3 Rf7 38. d5 Kg7 39. d6 Kf8 0-1

[Event "San Francisco David Gee Memorial"]
[Site "San Francisco"]
[Date "2005.10.04"]
[Round "7"]
[White "Chan, John"]
[Black "Barrera, Jorge"]
[Result "1-0"]
[WhiteElo "1644"]
[BlackElo "1372"]
[PlyCount "29"]
[EventDate "2005.08.??"]
[EventType "swiss"]
[EventRounds "8"]
[EventCountry "USA"]
[SourceTitle "EXT 2007"]
[Source "ChessBase"]
[SourceDate "2006.11.23"]
[SourceVersion "1"]
[SourceVersionDate "2006.11.23"]
[SourceQuality "1"]

1. c4 Nf6 2. Nc3 e6 3. e4 Be7 4. e5 Ng8 5. Nf3 f6 6. d4 d6 7. Bd3 Nc6 8. exd6 Bxd6 9. 0-0 b6 10. Re1 Nge7 11. a3 0-0 12. b4 Nxd4 13. Nxd4 Bxh2+ 14. Kxh2 Qxd4 15. Bxh7+ 1-0